AsiaNANO 2002 : Proceeding of the Asian symposium on nanotechnology and nanoscience 2002
This book deals with the broad spectrum of nanoscience and nanotechnology, where interdisciplinary collaboration is essential. Focuses are placed on materials (nanoparticles, dendrimer, CNT), fabrication (LB film, SAM, alternative adsorption, microcontact printing, photofabrication) and characteriza...
Zapisane w:
| Format: | Książka |
|---|---|
| Język: | Undetermined |
| Wydane: |
New Jersey
World Scientific
2002
|
| Hasła przedmiotowe: | |
| Etykiety: |
Dodaj etykietę
Nie ma etykietki, Dołącz pierwszą etykiete!
|
| Thư viện lưu trữ: | Trung tâm Học liệu Trường Đại học Cần Thơ |
|---|
| LEADER | 01094nam a2200217Ia 4500 | ||
|---|---|---|---|
| 001 | CTU_156852 | ||
| 008 | 210402s9999 xx 000 0 und d | ||
| 020 | |c 174 | ||
| 082 | |a 620.4 | ||
| 082 | |b A832 | ||
| 245 | 0 | |a AsiaNANO 2002 : | |
| 245 | 0 | |b Proceeding of the Asian symposium on nanotechnology and nanoscience 2002 | |
| 245 | 0 | |c Editors Masatsugu Shimomura, Teruya Ishihara | |
| 260 | |a New Jersey | ||
| 260 | |b World Scientific | ||
| 260 | |c 2002 | ||
| 520 | |a This book deals with the broad spectrum of nanoscience and nanotechnology, where interdisciplinary collaboration is essential. Focuses are placed on materials (nanoparticles, dendrimer, CNT), fabrication (LB film, SAM, alternative adsorption, microcontact printing, photofabrication) and characterization (scanning probe microscopy and electron microscopy) on the nanoscale. Emerging applications to nanophotonics and nanobionics are discussed as well. | ||
| 650 | |a Nanotechnology,Công nghệ NANO | ||
| 650 | |x Congress,Hội thảo | ||
| 904 | |i QHieu | ||
| 980 | |a Trung tâm Học liệu Trường Đại học Cần Thơ | ||